नागनाथ कोतापल्ले सार्थक साहित्य प्रवास (Record no. 999632)

MARC details
000 -LEADER
fixed length control field 00443nam a2200133Ia 4500
008 - FIXED-LENGTH DATA ELEMENTS--GENERAL INFORMATION
fixed length control field 151001s9999||||xx |||||||||||||| ||und||
100 ## - MAIN ENTRY--PERSONAL NAME
Personal name नागनाथ कोतापल्ले
245 ## - TITLE STATEMENT
Title नागनाथ कोतापल्ले सार्थक साहित्य प्रवास
250 ## - EDITION STATEMENT
Edition statement 1
260 ## - PUBLICATION, DISTRIBUTION, ETC. (IMPRINT)
Name of publisher, distributor, etc अक्षर मानव प्रकाशन
260 ## - PUBLICATION, DISTRIBUTION, ETC. (IMPRINT)
Date of publication, distribution, etc 2013
300 ## - PHYSICAL DESCRIPTION
Extent 364
365 ## - TRADE PRICE
Price amount 21

No items available.